000 02897njm a2200469Ia 4500
001 73470
003 IT-RoPAU
005 20220918181118.0
008 131025s9999 xx 000 0 und d
040 _aIT-RoPAU
040 _cIT-RoPAU
041 _aPOLACCO
999 _c99568
_d99568
999 _bn.d.
100 _aAA.VV.
_9794
100 _eAutore musica
_925076
100 _gCodice autore musica SPICS: 12000
_9796
245 _aDziewczyna Do Wziecia (Lp Sx 2587)
250 _a1a ed.
260 _aPOLONIA
260 _bMUZA
_c1988 [1a Ed.:1987 - Ed. Lingua Orig.: 1987]
300 _aDISCO
500 _aMusica leggera polacca. Canzone polacca
505 _aDziewczyna Do Wziecia - Jasiu (Oryg. Johnny) - Trzeba Zarabiac - Karolu, Slyszysz Mnie - Niedopieszczona - Czy Ja Naprawde Jestem Taka Smieszna - Kwiat Paproci - Pan Chce Mi Dac Tak Malo - Fizyczne Hobby - Szeptak - Romans Zaslyszany W Barze Mlecznym
650 _aCANZONE POLACCA [DISCHI]
_eCodice MATERIA SPICS: 9950
_925077
700 _aJodlowska Elzbieta
_gCodice interprete SPICS: 25579
_eInterprete
_925078
700 _aAlber H.
_gCodice autore musica SPICS: 23063
_eAutore musica
_pDziewczyna Do Wziecia - Trzeba Zarabiac - Niedopieszczona - Pan Chce Mi Dac Tak Malo
_925079
700 _aCzapinska M.
_gCodice autore testo/musica SPICS: 25556
_eAutore testo/musica
_pDziewczyna Do Wziecia - Niedopieszczona - Pan Chce Mi Dac Tak Malo
_925080
700 _aHollander
_gCodice autore musica SPICS: 23710
_eAutore musica
_pJasiu (Oryg. Johnny)
_925081
700 _aMaliszewska M.
_gCodice autore testo/musica SPICS: 25557
_eAutore testo/musica
_pTrzeba Zarabiac
_925082
700 _aMatracki B.
_gCodice autore musica SPICS: 25469
_eAutore musica
_pKarolu, Slyszysz Mnie
_925083
700 _aDabrowski J.
_gCodice autore testo/musica SPICS: 25157
_eAutore testo/musica
_pKarolu, Slyszysz Mnie - Romans Zaslyszany W Barze Mlecznym
_925084
700 _aGorny M.
_gCodice autore musica SPICS: 25470
_eAutore musica
_pCzy Ja Naprawde Jestem Taka Smieszna
_925085
700 _aKocylak I.
_gCodice autore testo/musica SPICS: 25558
_eAutore testo/musica
_pCzy Ja Naprawde Jestem Taka Smieszna
_925086
700 _aKuk W.
_gCodice autore musica SPICS: 25471
_eAutore musica
_pKwiat Paproci
_925087
700 _aGillowa J.
_gCodice autore testo/musica SPICS: 25559
_eAutore testo/musica
_pKwiat Paproci
_925088
700 _aKnittel K.
_gCodice autore musica SPICS: 25472
_eAutore musica
_pFizyczne Hobby
_925089
700 _aSzwed M.
_gCodice autore testo/musica SPICS: 25560
_eAutore testo/musica
_pFizyczne Hobby
_925090
700 _aWieronski M.
_gCodice autore musica SPICS: 25473
_eAutore musica
_pSzeptak
_925091
700 _aLaskowik Z.
_gCodice autore testo/musica SPICS: 25561
_eAutore testo/musica
_pSzeptak
_925092
700 _aKopff A.
_gCodice autore musica SPICS: 25067
_eAutore musica
_pRomans Zaslyszany W Barze Mlecznym
_925093
942 _cMD
_2ddc